LEADER 00541nab a2200157 i 4500 001 000000265902 003 CaOOAMICUS 005 20180831164726.0 008 180831n xx uu u0 0und r 013 $a9349 040 $aSeMil$bita 245 10$a[vedi periodico]. 500 $aOctobre 2005 - Supplemént. 773 0 $tLaval Théologique et Philosophique.$dQuébec (Canada) : Université Laval, copyr. 2006.$w()159092 774 0 $tIndex 1945-2005 ; Index onomastique 1945-2005.$w()305247 996 $6245$a[vedi periodico]$9(OLS)http://semarc/title/309439 LEADER 01292nam a2200277 i 4500 001 000000113952 003 CaOOAMICUS 005 20030408000000.0 008 030408s1988 it u000 u ita u 013 $a86638 040 $aSeMil$bita 100 1 $aBahat, Dan.$0(OLS)http://semarc/name/47690 245 10$aGerusalemme nel tempo e nell'eternità /$ctesti di Dan Bahat per la sezione ebraica, Marcel-Jacques Dubois per la sezione cristiana, Mithkal Hasan Natour per la sezione musulmana ; fotografie di Fred Mayer. 260 $aTorino :$bSEAT,$ccopyr. 1988. 300 $aXV, 380 p., [2] c. di tav., [8] p. di tav. ripieg. ;$c32 cm. 500 $aFondo Card. C.M. Martini. 650 4$aGerusalemme - Storia - Civiltà.$0(OLS)http://semarc/subject/20722 700 1 $aMayer, Fred.$0(OLS)http://semarc/name/42958 700 1 $aNatour, Mithkal Hasan.$0(OLS)http://semarc/name/47691 700 1 $aDubois, Marcel-Jacques.$0(OLS)http://semarc/name/12937 850 $aSeMil 852 $aSeMil$W1$xVenegono$y1$m2.SOVR III 8$j262549$B69598$CSeMilBibl$Z2$F78036 $81 941 1 $a4 961 $aOmaggio: Martini Card. Carlo Maria 996 $6245$aGerusalemme nel tempo e nell'eternità$9(OLS)http://semarc/title/166496 996 $6260$aTorino :$bSEAT$9(OLS)http://semarc/publisher/33181